000 01205nam a2200337 a 4500
001 000116099
003 CHAP
005 20220329144601.0
008 190909s2016 mx |r| ||||||spa d
010 _a112560
011 _a113532
020 _a9786078501106
040 _cCHAP
082 0 4 _a338.1609727265
_bG21
100 0 0 _aGarcía Nieto, Hilario.
_946373
245 1 0 _aHacia una reconversión productiva rural sustentable de la península de Yucatán /
_cpor Hilario García Nieto.
260 _aMéxico, D.F. :
_bCámara de Diputados LXIII, Legislatura. Centro de Estudios para el Desarrollo Rural Sustentable y la Soberanía Alimentaria,
_c2016.
300 _a198 p.
490 _aEstudios e investigación
590 _aE5765TAJ
_b05
_c20190909
_lUCH01
_h1219
590 _aE5765TAJ
_b05
_c20190909
_lUCH01
_h1228
590 _aE5765TAJ
_b05
_c20190909
_lUCH01
_h1301
650 1 4 _aAgricultura sustentable
_zYucatán.
_92026
650 1 4 _aDesarrollo rural
_zYucatán.
_9131211
650 1 4 _aDesarrollo sustentable
_zYucatán.
_9136835
650 1 4 _aProductos agrícolas
_zYucatán.
_9136834
830 0 _aEstudios e investigación
_9127854
901 _aBK
942 _cLIBRO
942 _n0
999 _c112560
_d112560